| 000 | 00806nam a2200205Ia 4500 | ||
|---|---|---|---|
| 008 | 0000001999 usa 0000000000eng00 | ||
| 020 | _a897971469 | ||
| 090 | _aPUS00 A42j | ||
| 100 | 1 |
_aAleXander, John _d1945 |
|
| 245 | 1 | 0 |
_aJohn Alexander _b: recent paintings |
| 300 |
_a40 p. _c/ 30 cm. |
||
| 500 | _aExposición realizada en Marlborough, Nueva York, Diciembre 8, 1998 Enero 9, 1999 \ Con el patronazgo del maestro venezolano Jesús Rafael Soto (q.e.p.d.) \ Registro auspiciado por el IDCT. Bogotá | ||
| 600 | 0 | 0 |
_aALEXANDER, JOHN, 1945/ _xTRABAJOS PICTORICOS |
| 650 | 1 | 4 | _aARTE CONTEMPORANEO ESTADOUNIDENSE |
| 650 | 1 | 4 | _xCATALOGOS |
| 650 | 1 | 4 | _xEXPOSICIONES |
| 650 | 1 | 4 | _aPINTORES ESTADOUNIDENSES |
| 650 | 1 | 4 | _aPINTURA ESTADOUNIDENSE |
| 999 |
_c3228 _d3228 |
||
| 260 |
_aNew York : Marlborough _c1999 |
||